Fútbol - Selecciones que le ganaron a Uruguay desde el 2000 - Estadísticas

Estadísticas generales
  • Esta prueba ha sido intentada 148 veces
  • La puntuación promedio es 16 de 19
Estadísticas de respuestas
Cantidad Primera Última Equipo % Correcto
12 2000 2025 Argentina
100%
6 2007 2021 Brasil
99%
5 2000 2024 Colombia
98%
1 2018 2018 Francia
98%
4 2013 2023 Ecuador
97%
3 2001 2016 Venezuela
97%
3 2013 2016 Chile
96%
3 2001 2016 México
94%
4 2000 2007 Paraguay
94%
2 2012 2021 Bolivia
93%
4 2004 2017 Perú
93%
1 2022 2022 Portugal
92%
1 2013 2013 España
90%
1 2010 2010 Países Bajos
89%
1 2010 2010 Alemania
88%
1 2014 2014 Costa Rica
84%
1 2002 2002 Dinamarca
50%
2 2001 2005 Australia
49%
1 2001 2001 Honduras
48%
No se encontraron pruebas coincidentes
Distribución de puntuación
Porcentaje de gente con cada puntuación
Porcentaje por número respondido
Historial de tus puntuaciones
No has intentado esta prueba.